| 000 | 00435nam a2200121 a 4500 | ||
|---|---|---|---|
| 008 | 120416s9999 xx |||||||||||||| || u | ||
| 050 | _aTD 775 Mor | ||
| 100 | _aMorgan, Peter R | ||
| 245 | 1 | 0 | _aVentilated improved pit latrines |
| 246 | _arecent developments in Zimbambwe | ||
| 350 | _a0.00 | ||
| 995 |
_D0.00 _FCBU-MAIN LIBRARY (Kitwe) _H1 _I2.00 _UDAMAGED _ZMain Library Open Access Collection |
||
| 999 |
_c61274 _d61274 |
||